| 000 | 01331nam a22002777a 4500 | ||
|---|---|---|---|
| 003 | dpl | ||
| 005 | 20180718123835.0 | ||
| 008 | 180718b xxu||||| |||| 00| 0 eng d | ||
| 010 | _aB-114911 | ||
| 020 |
_c125.00 _a8126307900 |
||
| 035 | _aB-114911, B-114925 | ||
| 037 | _bCen Lib/Ret | ||
| 040 |
_aDPL _bHN _c0 |
||
| 082 |
_aउ _bसाठेमा |
||
| 100 |
_aसाठे, माधव _978717 |
||
| 245 |
_aब्रह्मावर्त : _cमाधव साठे _bइतिहास पुरुष नानासाहेब पेशवा पर केन्द्रित उपन्यास / |
||
| 246 |
_aBrahavrat :itihas purush nanasaheb peshva par kendrit upanyas _bby Madhav Sathe |
||
| 260 |
_aनई दिल्ली _bभारतीय ज्ञानपीठ प्रकाशन _c2003 |
||
| 270 |
_a18-इंडस्ट्रियल एरिया लोधी रोड _bनई दिल्ली _e110003 |
||
| 300 |
_a230पृष्ठ. _c20सेमी(सजिल्द) |
||
| 650 |
_aहिंदी साहित्य _978718 |
||
| 650 |
_aऐतिहासिक - हिंदी उपन्यास _91531 |
||
| 650 |
_ahindi Literature _978719 |
||
| 650 |
_aHistorical - Hindi fiction _978720 |
||
| 942 |
_2ddc _cHN _hउ _mसाठेमा |
||
| 999 |
_c118179 _d118179 |
||